| LEADER |
00741nam0a2200229 450 |
| 001 |
16823819 |
| 010 |
|
|
|a 978-2-8222-1214-4
|b rel.
|d 10,45
|
| 100 |
|
|
|a 20151116d2026 u u0frey01 ba
|
| 101 |
0 |
|
|a fre
|
| 102 |
|
|
|a BE
|
| 200 |
0 |
|
|a SOS coeur en détresse
|f Greg Tessier, Amandine
|
| 207 |
|
1 |
|a
|
| 210 |
|
|
|a [Bruxelles]
|c Jungle
|d DL 2015
|
| 215 |
|
|
|a 1 vol. (54 p.)
|c ill. en coul.
|d 31 cm
|
| 225 |
1 |
|
|a Mistinguette
|v 6
|
| 461 |
|
0 |
|t Mistinguette
|v 6
|
| 608 |
|
|
|a JnBDessi
|
| 700 |
|
0 |
|a Tessier
|b Greg
|c Scénariste
|4 70
|
| 701 |
|
0 |
|a Amandine
|c Illustrateur
|f 1980-....
|4 70
|
| 900 |
|
|
|a Bande Dessinée enfant ado
|
| 901 |
|
|
|a Accessible au prêt
|
| 995 |
|
|
|a Bibliothèque
|c Bibliothèque
|f 024016806
|h 024016806
|k BD TES
|o p
|q j
|r az
|e Bibliothèque
|